000 00364nam a2200157Ia 4500
008 140316s9999 xx 000 0 und d
082 _a633.37
_bALI/NE
100 _aAli,S.S
245 _aNematode problems in chickpea
260 _aKanpur
_bIIPR
_c1995
300 _a184
650 _aChickpea
650 _aNematodes
700 _aAli,S.S
942 _2ddc
_cREF
999 _c23863
_d23863